01012nam a2200265Ia 450000500170000000800410001702000180005810000340007624501150011025000220022530000470024765000470029465000490034165000360039065000370042665000410046370000460050470000300055026400320058033600270061233700330063933800280067204000350070008400110073520220317000200.0141031s2008 s a g 000 j s  a97884963910621 aVincent, Gabrielled1928-200010aErnesto y Celestina músicos de la callectexto e ilustraciones Gabrielle Vincent ; traducción Pilar Pablos aPrimera edición a25 páginasbilustraciones a colorc18 cm142LEMBaCuentos infantil francesesySiglo XX142LEMBaLiteratura infantil francesaySiglo XX142LEMBaAnimales en la literatura142LEMBaMúsicos en la literatura142LEMBaLibros ilustrados para niños1 aVincent, Gabrielled1928-2000eilustrador1 aPablos, Pilaretraductora aZaragozabMarenostrumc2008 atextobtxt2rdacontent asin mediaciónbn2rdamedia avolumenbnc2rdacarrier aCO-BoRNBPbspaerdacCO-BoRNBP aC VIN1